Otelo

Adaptación del drama homónimo de Shakespeare. Otelo, el paradigma universal del hombre celoso, es un oficial moro que está enamorado de Desdémona. En una ocasión, tiene que abandonar la ciudad e ir a Chipre al frente del ejército de la República de Venecia. Cuando Desdémona y Casio llegan a la isla,...

Descripción completa

Guardado en:
Autor Principal: Parker, Oliver.
Autor Corporativo: Castle Rock Entertainment.
Otros Autores: Fishburne, Laurence; Reparto., Jacob, Irène; Reparto., Branagh, Kenneth; Reparto.
Formato: Deslizar
Idioma:Undetermined
Publicado: Estados Unidos : Columbia Pictures, 1995.
Materias:
Etiquetas: Agregar Etiqueta
Sin Etiquetas, Sea el primero en etiquetar este registro!
LEADER 01278ngm a22002535a 4500
001 CEM.cems020516
008 231002s1995####xx#---############vlund#d
005 20231002215000.0
245 1 0 |a Otelo  |h [videograbación] /  |c Oliver Parker. 
260 |a Estados Unidos :  |b Columbia Pictures,  |c 1995. 
300 |a 123'. 
520 |a Adaptación del drama homónimo de Shakespeare. Otelo, el paradigma universal del hombre celoso, es un oficial moro que está enamorado de Desdémona. En una ocasión, tiene que abandonar la ciudad e ir a Chipre al frente del ejército de la República de Venecia. Cuando Desdémona y Casio llegan a la isla, el traidor Yago convence a Otelo de que Desdémona le ha sido infiel con Casio. 
590 |a Identificación anterior: 206 
538 |a Soporte: DVD -- Formato: AVI – Peso: 944mb -- Resolución: 640 x 352 -- 25 fps 
500 |a Título original: Othello – Idioma: Doblada al español. 
100 1 |a Parker, Oliver. 
700 1 |a Fishburne, Laurence; Reparto. 
700 1 |a Jacob, Irène; Reparto. 
700 1 |a Branagh, Kenneth; Reparto. 
710 2 |a Castle Rock Entertainment. 
653 |a LARGOMETRAJE 
653 |a FICCIÒN 
653 |a ADAPTACIÓN 
859 |a CEMS  |b BIB. CEMS - Depto. Recursos Didacticos  |h 778.5  |i PAR-4  |k DRD  |p 3150.23  |t Ej.1